[Event "POR-chT 1st Divison 2018"]
[Site "Maia"]
[Date "2018.07.20"]
[Round "6"]
[White "Ribeiro, Fernando"]
[Black "Turcer, Dusan"]
[Result "1-0"]
[WhiteElo "2165"]
[BlackElo "2039"]
[Annotator "RC"]
[PlyCount "125"]
[EventDate "2018.07.16"]
[EventType "team-tourn"]
[EventCountry "POR"]
[SourceTitle "playchess.com"]
[Source "ChessBase"]
[SourceQuality "1"]
[TimeControl "5400+30"]

1. e4 {[%emt 0:00:00]} c5 {[%emt 0:00:00]} 2. Nf3 {[%emt 0:00:00]} Nc6 {[%emt 0:00:57]} 3. Bb5 {[%emt 0:00:09]} g6 {[%emt 0:00:19]} 4. Bxc6 {[%emt 0:00:07]} dxc6 {[%emt 0:00:13]} 5. d3 {[%emt 0:00:25]} Bg7 {[%emt 0:00:10]} 6. Nc3 {[%emt 0:00:15]} Nf6 {[%emt 0:00:15]} 7. h3 {[%emt 0:00:14]} O-O {[%emt 0:00:20]} 8. Be3 {[%emt 0:00:20]} b6 {[%emt 0:01:08]} 9. Qd2 {[%emt 0:00:15]} Re8 {[%emt 0:08:37]} 10. O-O {[%emt 0:09:47]} e5 {[%emt 0:00:42]} 11. Nh2 {[%emt 0:10:21]} Be6 {[%emt 0:27:23]} 12. f4 {[%emt 0:00:52]} exf4 {[%emt 0:00:06]} 13. Bxf4 {[%emt 0:00:13]} Nd7 {[%emt 0:00:56]} 14. Nf3 {[%emt 0:00:34]} Nf8 {[%emt 0:00:42]} 15. Bh6 {[%emt 0:06:22]} Bh8 {[%emt 0:01:50]} 16. Rae1 {[%emt 0:06:04]} a5 {[%emt 0:04:32]} 17. a4 {[%emt 0:00:30]} Ra7 {[%emt 0:00:20]} 18. e5 {[%emt 0:09:00]} Bd5 {[%emt 0:03:16]} 19. Bg5 {[%emt 0:02:41]} Qc8 {[%emt 0:11:32]} 20. Ne4 {[%emt 0:02:15]} Bxe4 {[%emt 0:00:14]} 21. Rxe4 {[%emt 0:00:11]} Bg7 {[%emt 0:22:11]} 22. Bf6 {[%emt 0:06:14]} Bxf6 {[%emt 0:13:40]} 23. exf6 {[%emt 0:00:22]} Rxe4 {[%emt 0:00:02]} 24. Qh6 {[%emt 0:07:46]} Ne6 {[%emt 0:00:05]} 25. Ng5 {[%emt 0:01:09]} Rh4 {[%emt 0:00:12]} 26. Qxh4 {[%emt 0:00:02]} Nxg5 {[%emt 0:02:12]} 27. Qxg5 {[%emt 0:00:07]} Qf8 {[%emt 0:00:11]} 28. Re1 {[%emt 0:02:54]} h6 {[%emt 0:00:33]} 29. Qe3 {[%emt 0:00:24]} Kh7 {[%emt 0:00:35]} 30. Qe8 {[%emt 0:00:27]} Ra8 {[%emt 0:00:54]} 31. Qxc6 {[%emt 0:00:45]} Rc8 {[%emt 0:00:04]} 32. Qxb6 {[%emt 0:02:24]} Rb8 {[%emt 0:00:36]} 33. Qxa5 {[%emt 0:00:06]} Rxb2 {[%emt 0:00:33]} 34. Qc3 {[%emt 0:03:27]} Rb4 {[%emt 0:00:37]} 35. a5 {[%emt 0:02:47]} h5 {[%emt 0:00:47]} 36. a6 {[%emt 0:01:48]} Ra4 {[%emt 0:00:29]} 37. Ra1 {[%emt 0:00:14]} Qe8 {[%emt 0:00:12]} 38. Rxa4 {[%emt 0:05:36]} Qxa4 {[%emt 0:00:13]} 39. Qxc5 {[%emt 0:01:22]} Qxa6 {[%emt 0:00:39]} 40. Qd4 {[%emt 0:02:40]} Qe6 {[%emt 0:00:15]} 41. Kh2 {[%emt 0:01:18]} Qc8 {[%emt 0:00:46]} 42. Qc4 {[%emt 0:02:16]} Qb8+ {[%emt 0:00:31]} 43. g3 {[%emt 0:00:35]} Qa7 {[%emt 0:00:31]} 44. d4 {[%emt 0:00:31]} g5 {[%emt 0:00:48]} 45. Qd3+ {[%emt 0:00:33]} Kh6 {[%emt 0:00:19]} 46. Qd2 {[%emt 0:01:57]} Kg6 {[%emt 0:00:14]} 47. d5 {[%emt 0:00:21]} Kxf6 {[%emt 0:00:39]} 48. d6 {[%emt 0:00:39]} h4 {[%emt 0:00:47]} 49. gxh4 {[%emt 0:00:58]} gxh4 {[%emt 0:00:16]} 50. d7 {[%emt 0:00:35]} Qc7+ {[%emt 0:00:34]} 51. Kh1 {[%emt 0:00:10]} Qd8 {[%emt 0:00:43]} 52. Qd6+ {[%emt 0:00:22]} Kf5 {[%emt 0:00:17]} 53. c4 {[%emt 0:00:39]} Kg5 {[%emt 0:00:55]} 54. Qe5+ {[%emt 0:00:56]} Kg6 {[%emt 0:00:26]} 55. Qe8 {[%emt 0:00:12]} Qf6 {[%emt 0:00:26]} 56. Qe4+ {[%emt 0:00:29]} Kg7 {[%emt 0:00:09]} 57. Qd3 {[%emt 0:01:52]} Qa1+ {[%emt 0:00:22]} 58. Kg2 {[%emt 0:00:19]} Qa8+ {[%emt 0:00:23]} 59. Kf2 {[%emt 0:00:55]} Qd8 {[%emt 0:01:05]} 60. Qd4+ {[%emt 0:00:28]} Kg6 {[%emt 0:00:27]} 61. c5 {[%emt 0:00:30]} Kf5 {[%emt 0:00:28]} 62. c6 {[%emt 0:01:13]} Ke6 {[%emt 0:00:07]} 63. c7 {[%emt 0:02:26] Kd5} 1-0

[Event "POR-chT 1st Divison 2018"]
[Site "Maia"]
[Date "2018.07.19"]
[Round "6"]
[White "Reis, Luis Sousa"]
[Black "Kaczur, Florian"]
[Result "0-1"]
[WhiteElo "2150"]
[BlackElo "2471"]
[Annotator "TA"]
[PlyCount "72"]
[EventDate "2018.07.16"]
[EventType "team-tourn"]
[EventCountry "POR"]
[SourceTitle "playchess.com"]
[Source "ChessBase"]
[SourceQuality "1"]

{[%evp 14,72,0,-5,16,0,14,-20,32,-32,-39,-42,-26,-68,22,0,0,0,0,0,0,0,16,14,34,7,15,7,8,-11,-16,-11,0,0,0,-4,0,-36,-37,-22,-11,-90,-11,-76,-83,-72,-66,-77,-74,-759,-761,-743,-739,-729,-724,-796,-784,-831,-816,-29998,-29999]} 1. e4 e5 2. Bc4 Nf6 3. Nc3 Bc5 4. f4 d6 5. Nf3 Nc6 6. d3 a6 7. f5 b5 {C30: King's Gambit Declined} (7... Na5 8. a3 Nxc4 9. dxc4 b5 10. b4 Bb6 11. Bg5 bxc4 12. Qe2 c6 13. Qxc4 Bb7 14. Rd1 Qc7 15. Qd3 O-O-O {½-½ (24) Fedorovsky,M (2478)-Nemeth,M (2489) Germany 2017}) 8. Bb3 {LiveBook: 9 Games} h6 9. Qe2 Bb7 {The position is equal.} 10. Bd2 Qd7 $146 (10... Nd4 $11 11. Nxd4 Bxd4) ({Predecessor:} 10... Nd4 11. Nxd4 Bxd4 12. Nd1 O-O 13. c3 Bb6 14. Be3 d5 15. Bxb6 cxb6 {1-0 (69) Blake,J-Price,H Hastings Town Hall 1924}) 11. O-O-O (11. Nd5 $14) 11... Nd4 $15 12. Nxd4 Bxd4 13. g4 O-O-O (13... a5 $1 $15 14. a4 bxa4) 14. Nd5 Nxd5 15. Bxd5 Bxd5 16. exd5 h5 17. h3 {[%cal Bh2h3,Bh3g4][%mdl 32]} hxg4 18. hxg4 c6 19. Ba5 Rdf8 20. c3 {Black must now prevent Rxh8.} Ba7 21. c4 cxd5 22. cxd5 Kb7 23. Kb1 Bc5 24. Qe4 Rc8 25. Rc1 Rxh1 26. Rxh1 Bd4 27. Rh7 (27. Qg2 $11) 27... Ka8 ({Better is} 27... b4 $1 $17 28. Qe1 (28. Rxg7 $2 Qa4 $19) 28... Ka8 29. Bxb4 Qb5) 28. a3 {[#]} ({Don't go for} 28. Rxg7 $2 b4 $1 $19 {[%mdl 512]}) (28. Rh2 $11 {remains equal.}) 28... b4 $1 $17 {[%mdl 512]} 29. axb4 ({Not} 29. Bxb4 $2 Qc7 $19) 29... Qa4 {( -> ...Qc2+)} 30. Qe2 Qb3 $40 {[%mdl 128] Threatens to win with ...Bxb2! Black attacks with force.} 31. Rh1 $2 {[%mdl 8192] [#]} (31. Rh2 $17) 31... Bxb2 $1 $19 {[%mdl 512]} 32. Qxb2 Qxd3+ 33. Ka1 Rc2 34. Rh8+ Kb7 35. Rd8 Qd1+ ({And not} 35... Rxb2 36. Rd7+ Kc8 37. Rd8+ Kb7 38. Rd7+ Kc8 39. Rd8+ Kb7 $11) 36. Qb1 Qd4+ {Precision: White = 14%, Black = 52%.} 0-1

[Event "POR-chT 1st Divison 2018"]
[Site "Maia"]
[Date "2018.07.20"]
[Round "6"]
[White "Eggert, Alberto"]
[Black "Espineira Gonzalez, Diego"]
[Result "0-1"]
[WhiteElo "2142"]
[BlackElo "2327"]
[Annotator "TA"]
[PlyCount "88"]
[EventDate "2018.07.16"]
[EventType "team-tourn"]
[EventCountry "POR"]
[SourceTitle "playchess.com"]
[Source "ChessBase"]
[SourceQuality "1"]

{[%evp 9,88,12,33,23,13,2,23,16,63,44,61,60,66,49,39,36,66,27,56,28,32,0,120,124,98,22,16,0,0,0,5,-80,-77,-95,-105,-113,-62,-72,-81,-157,-86,-85,0,-380,-353,-458,-463,-514,-434,-726,-698,-764,-749,-1062,-1068,-1020,-1014,-1680,-1656,-1465,-1399,-2492,-2301,-1970,-1250,-1180,-1145,-1124,-821,-1043,-1029,-1004,-1002,-11105,-12259,-29987,-29988,-29988,-29989,-29989,-29990]} 1. d4 e6 2. c4 Nf6 3. g3 Bb4+ 4. Bd2 a5 5. Bg2 d6 {LiveBook: 169 Partien} (5... O-O 6. Nf3 b6 7. O-O Bb7 8. Nc3 d6 9. Rc1 Nbd7 10. Bg5 Bxc3 11. Rxc3 h6 12. Bxf6 Nxf6 13. Nd2 Bxg2 14. Kxg2 e5 15. dxe5 dxe5 16. Qc2 Qd7 17. Ne4 Qc6 {½-½ (41) Stupak,K (2564)-Sasikiran,K (2666) Yerevan 2018}) 6. a3 {E00: Katalanisch} Bxd2+ 7. Nxd2 a4 8. e3 $146 {Weiß hat minimalen Vorteil.} ({Vorgänger:} 8. e4 e5 9. d5 Nbd7 10. Ne2 Nc5 11. O-O O-O 12. Qc2 Bd7 13. Nc3 {½-½ (37) Manvelyan,H (2282)-Porper,E (2446) Santa Clara 2014}) 8... Nbd7 9. Ne2 c6 10. O-O O-O 11. Qc2 Qa5 12. Rac1 Re8 13. Rfe1 e5 14. h3 Nb6 15. g4 {[%cal Bg3g4,Bg4g5][%mdl 32]} h5 (15... exd4 $11 {bleibt in der Remisbreite.} 16. exd4 h5) 16. g5 $16 Nh7 17. Ne4 (17. c5 $16 dxc5 18. dxc5) 17... Bf5 $11 18. Nf6+ gxf6 19. Qxf5 exd4 20. c5 (20. Nxd4 $11 fxg5 21. Qf3) 20... Re5 $17 21. Qd3 dxc5 22. g6 Nf8 ({Lieber} 22... fxg6 $17 23. Qxg6+ Kh8) 23. gxf7+ Kxf7 24. e4 (24. exd4 $142 cxd4 25. Red1) 24... Rd8 (24... h4 $142 25. f4 Re6) 25. f4 Re7 {[#]} (25... c4 $17 26. Qf3 Re7) 26. Qf3 $2 {[%mdl 8192] [#]} (26. e5 $1 $11 {[%mdl 512] und Weiss ist OK.}) 26... d3 $1 $19 {[%cal Rd3d2]} 27. Qxh5+ Kg8 {Weiss muss nun ...d2 beachten.} 28. Rc3 Rg7 (28... dxe2 29. Rg3+ Rg7 30. Rxg7+ Kxg7 31. Rxe2 $17) 29. Ng3 (29. Kh1 $142 dxe2 30. Rxe2) 29... Rxg3 30. Qh4 Rg6 31. e5 d2 32. Rd1 Qb5 {Und weiter mit ...De2 wäre nett.} 33. Rg3 Qe2 34. Rxg6+ Nxg6 35. Qxf6 Qxd1+ 36. Kh2 Qg1+ 37. Kxg1 d1=Q+ 38. Kh2 Qd7 39. e6 Qe8 40. f5 Nd5 41. Bxd5 Rxd5 42. h4 Qb8+ {Schwarz setzt Matt.} 43. Kh1 Rd1+ 44. Kg2 Rd2+ {Precision: Weiß = 32%, Schwarz = 52%.} 0-1

[Event "POR-chT 1st Divison 2018"]
[Site "Maia"]
[Date "2018.07.20"]
[Round "6"]
[White "Dias, Ivo Rodrigues"]
[Black "Lombaers, Peter"]
[Result "1/2-1/2"]
[WhiteElo "2138"]
[BlackElo "2361"]
[Annotator "TA"]
[PlyCount "119"]
[EventDate "2018.07.16"]
[EventType "team-tourn"]
[EventCountry "POR"]
[SourceTitle "playchess.com"]
[Source "ChessBase"]
[SourceQuality "1"]

{[%evp 29,119,23,23,7,18,7,11,8,81,84,68,72,91,88,127,116,123,76,139,142,152,150,155,154,133,147,316,285,304,150,150,148,147,147,146,133,185,196,236,119,379,371,360,229,208,193,214,226,208,203,177,129,128,95,95,95,181,154,154,159,359,231,409,282,405,404,603,600,569,554,610,604,567,560,539,376,352,383,370,365,440,423,457,454,446,263,208,164,224,54,69,32]} 1. d4 Nf6 2. Bg5 d5 3. e3 c5 4. Nf3 Nc6 5. Be2 Ne4 6. Bf4 Qb6 7. Nc3 Nxc3 8. bxc3 g6 9. O-O Bg7 10. Rb1 Qd8 11. Rb5 cxd4 12. cxd4 O-O 13. c4 dxc4 14. Bxc4 b6 15. Rb1 Bb7 {LiveBook: 3 Games. D13: Slav Defence: Exchange variation without ...Bf5} 16. Qe2 Na5 17. Bd3 Rc8 {The position is equal.} 18. Rfd1 $146 ({Predecessor:} 18. Ne5 e6 19. Rfc1 Qe7 20. Nc4 Nxc4 21. Bxc4 Be4 22. Rb3 e5 23. Bxe5 Bxe5 24. dxe5 Qxe5 {0-1 (41) Mazziotti Irigoyen,G (2238)-Valerga,D (2496) Buenos Aires 2003}) 18... Qd5 {[#]} (18... e6 $11 {remains equal.}) 19. e4 $1 $16 {[%cal Re4d5]} Qd7 20. d5 Rc3 21. Bb5 $36 {[%mdl 2048] White has strong initiative.} Qg4 22. Bd2 Rc2 23. a4 f5 {[#]} ({Black should try} 23... Qc8) 24. Bd3 $1 {[%cal Bb5d3,Bd3c2,Bc2b3][%mdl 32]} fxe4 25. Bxc2 exf3 {[%csl Gf3][%cal Rg4g2]} 26. Qe6+ Qxe6 27. dxe6 Nc4 $2 (27... Bc6 $16 {is a better defense.}) 28. Bb4 $18 Bf6 29. Bb3 (29. Rd7 $18 Bc8 30. Rxa7 Bxe6 31. Bxe7) 29... Ne5 $16 30. g3 Be4 31. Rbc1 Nd3 32. Rc4 Bf5 (32... Nxb4 $16 33. Rxe4 Na6) 33. Ba3 $18 h5 34. h3 (34. Rc7 $18) 34... Ne5 $2 {[%mdl 8192]} (34... Nb2 $16 {might work better.}) 35. Rc7 Re8 36. Rxa7 Bxh3 37. Bb2 Nc6 38. Rc7 Bxb2 39. Rxc6 Rb8 40. Rd7 Ba3 41. Rdc7 Kg7 42. Rc8 Rb7 (42... Rxc8 $16 43. Rxc8 Bb2) 43. R6c7 Rxc7 44. Rxc7 $16 {[%mdl 4096] Endgame KRB-KB} g5 $2 (44... Bb4 $16 45. Rc4 Bd2) 45. Bd5 g4 $2 (45... Bb4 46. Bxf3 Kg6) 46. Rc3 Bd6 (46... Bb4 {was called for.} 47. Rb3 Ba5) 47. Rc6 $18 {And now Rxd6! would win.} Be5 (47... Kf6 $142 48. Rxb6 Bc5) 48. Rxb6 h4 49. gxh4 g3 {aiming for ...Bd4.} 50. Rb4 Bd6 51. Rc4 Bb8 {and the idea ...Ba7 leaves Black hopeful.} 52. Bxf3 Ba7 53. Bg2 gxf2+ 54. Kf1 Bf5 {[%cal Rf5d3]} 55. Ke2 Bxe6 56. Rc7 Bb6 57. Rxe7+ (57. Rc6 $142 Bg4+ 58. Kf1) 57... Kf6 58. Rb7 Bc4+ 59. Kd2 $2 ({Only move:} 59. Kd1 $18 Ba5 60. Rb2) 59... Ba5+ $14 60. Ke3 {Precision: White = 56%, Black = 38%.} 1/2-1/2

[Event "POR-chT 1st Divison 2018"]
[Site "Maia"]
[Date "2018.07.19"]
[Round "6"]
[White "Guerreiro, Nuno"]
[Black "Vassallo Barroche, Mauricio"]
[Result "0-1"]
[WhiteElo "2050"]
[BlackElo "2386"]
[Annotator "TA"]
[PlyCount "58"]
[EventDate "2018.07.16"]
[EventType "team-tourn"]
[EventCountry "POR"]
[SourceTitle "playchess.com"]
[Source "ChessBase"]
[SourceQuality "1"]

{[%evp 11,58,0,9,-31,-19,-10,-15,-42,-25,-49,-23,-21,11,0,0,0,16,20,6,14,17,0,0,-16,-15,-79,-76,-69,-68,-100,-87,-178,-176,-456,-446,-475,-102,-103,-109,-109,-125,-110,-97,-29987,-29988,-29995,-29994,-29994,-5413]} 1. Nf3 Nf6 2. g3 g6 3. Bg2 Bg7 4. O-O O-O 5. c4 d6 6. d3 e5 {LiveBook: 84 Games} 7. Nbd2 {A15: English Opening: 1...Nf6} (7. Nc3 Nc6 8. Bd2 Re8 9. e4 a6 10. a3 Bg4 11. h3 Bxf3 12. Bxf3 Nd7 13. Bg2 Nd4 14. Be3 a5 15. b4 axb4 16. axb4 Rxa1 17. Qxa1 {0-1 (77) Stefanova,A (2505)-Mamedov,R (2655) Almaty 2016}) 7... Ne8 $146 ({Predecessor:} 7... Re8 8. Qc2 Nc6 9. e4 a5 10. a3 a4 11. b4 axb3 12. Nxb3 b6 13. Bd2 Nd7 14. a4 {0-1 (47) Vetemaa,J (2395)-Sepp,O (2335) Helsinki 1992}) 8. e4 Nc6 9. Rb1 {The position is equal.} a5 10. Re1 f5 11. exf5 gxf5 12. Nf1 Kh8 13. Ng5 {Hoping for Nxh7!} Nf6 14. f4 Bd7 15. b3 Qe8 16. c5 Qg6 17. cxd6 cxd6 18. Ne3 {[#]} (18. Bb2 $11) 18... exf4 $1 $17 19. gxf4 Rae8 20. Kh1 h6 21. Nf3 (21. Nh3 $17) 21... Ng4 $19 {Strongly threatening ...Nf2+.} 22. Kg1 $2 (22. Re2) 22... Nd4 23. Nxg4 fxg4 $2 (23... Qxg4 $19 {has better winning chances.} 24. Be3 Bc6) 24. Nxd4 $17 Bxd4+ 25. Kh1 Rxe1+ 26. Qxe1 Qxd3 $40 {[%mdl 128] Black has strong attack.} 27. Ba3 $2 {[%mdl 8192] [#]} (27. Bb2 $17 Bxb2 28. Rxb2) 27... Bc6 $1 {Black mates.} 28. Rb2 Re8 {[%cal Re8e1]} 29. Qc1 Bc3 {Precision: White = 14%, Black = 58%.} (29... Re2 $142 30. Bxc6 bxc6 31. Rxe2 Qxe2 32. Qg1 Qf3+ 33. Qg2 Qd1+ 34. Qg1 Qxg1#) 0-1

[Event "POR-chT 1st Divison 2018"]
[Site "Maia"]
[Date "2018.07.19"]
[Round "6"]
[White "Cavaleiro, Daniel Felipe Costa"]
[Black "Ftacnik, Lubomir"]
[Result "1/2-1/2"]
[WhiteElo "1987"]
[BlackElo "2514"]
[Annotator "TA"]
[PlyCount "67"]
[EventDate "2018.07.16"]
[EventType "team-tourn"]
[EventCountry "POR"]
[SourceTitle "playchess.com"]
[Source "ChessBase"]
[SourceQuality "1"]

{[%evp 16,67,14,7,14,0,0,0,0,0,0,0,6,0,0,0,22,18,32,30,8,0,15,14,12,-17,0,0,19,0,0,-23,0,0,0,0,0,0,0,-31,0,0,0,0,0,0,0,0,0,0,0,0,0,0]} 1. d4 Nf6 2. c4 g6 3. Nc3 d5 4. Nf3 Bg7 5. Bf4 O-O 6. e3 c6 7. h3 Nbd7 8. Bd3 dxc4 {D93: Grünfeld: 4 Nf3 Bg7 5 Bf4 0-0 6 e3} 9. Bxc4 {LiveBook: 13 Games} c5 10. dxc5 Nxc5 11. O-O Be6 12. Bxe6 Nxe6 13. Be5 {[#]} Nc5 $146 ({Predecessor:} 13... Qa5 14. Qe2 Rfd8 15. Rfd1 Ng5 16. Bh2 Nfe4 17. Nxe4 Nxe4 {½-½ (56) Kelecevic,N (2425)-Tukmakov,V (2581) Mendrisio 1999}) 14. Bd4 Rc8 15. Qe2 a6 16. Rfd1 {[#] And now Bxf6 would win.} Qa5 17. e4 Ne6 18. Be5 Rc5 19. Bxf6 exf6 20. Rd7 Rc7 21. Rad1 Rfc8 22. R1d5 b5 {...Nf4 is the strong threat.} 23. Qd2 Rxd7 24. Rxd7 Nc5 25. b4 Qxb4 26. Rd8+ Rxd8 27. Qxd8+ Bf8 28. Nd5 $1 {[%cal Rd5b4] The position is equal.} Qb1+ 29. Kh2 Nxe4 {[#] Strongly threatening ...Kg7.} 30. Nd2 $1 {[%cal Rd2b1][%mdl 512]} Nxd2 31. Nxf6+ Kg7 32. Ne8+ Kg8 33. Nf6+ Kg7 34. Ne8+ {Precision: White = 52%, Black = 50%.} 1/2-1/2

[Event "POR-chT 1st Divison 2018"]
[Site "Maia"]
[Date "2018.07.20"]
[Round "6"]
[White "Macedo, Adriano Esteves"]
[Black "Marchena Hurtado, Javier"]
[Result "1/2-1/2"]
[WhiteElo "1937"]
[BlackElo "2354"]
[Annotator "TA"]
[PlyCount "96"]
[EventDate "2018.07.16"]
[EventType "team-tourn"]
[EventCountry "POR"]
[SourceTitle "playchess.com"]
[Source "ChessBase"]
[SourceQuality "1"]

{[%evp 23,96,68,74,59,63,62,65,46,66,64,47,0,0,6,6,20,41,31,22,0,0,-31,-29,-25,-20,-35,-26,-48,-9,-16,52,42,148,31,51,51,51,50,48,29,28,49,70,25,30,21,23,0,8,8,8,8,8,8,8,0,0,0,8,8,8,8,8,8,8,-8,-8,-8,-8,-8,-8,-8,-8,-8,-8]} 1. Nf3 d5 2. g3 c5 3. Bg2 Nf6 4. O-O g6 5. b3 Bg7 6. Bb2 O-O 7. c4 Nc6 8. cxd5 Nxd5 9. Bxg7 Kxg7 10. d4 cxd4 11. Nxd4 e5 {A05: Réti Opening: 1 Nf3 Nf6} (11... Nxd4 12. Qxd4+ Nf6 13. Qe5 Qb6 14. Nc3 Be6 15. Na4 Qb4 16. Qc5 a5 17. Qxb4 axb4 18. Bxb7 Ra5 19. Rfc1 Rd8 20. Rc5 {1-0 (67) Meier,G (2647)-Sebenik,M (2551) chess.com INT 2018}) 12. Nxc6 bxc6 {LiveBook: 3 Games} 13. Qc1 Be6 $146 {White is slightly better.} ({Predecessor:} 13... Qb6 14. Nc3 Ba6 15. Na4 Qb5 16. Qb2 f6 17. Rfc1 Rac8 18. Rc5 Qb7 19. Rac1 Rc7 20. Qd2 Rfc8 21. h4 Qb4 22. Rxd5 {1-0 (22) Ackermann,H (2340)-Riesenbeck,J (2071) Binz 2016}) 14. Nc3 Rc8 15. Qb2 f6 16. Rfd1 {Threatens to win with e4.} Qa5 17. Bxd5 cxd5 18. b4 Qc7 $1 $36 {[%cal Rc7c3][%mdl 2048] Black is pushing.} 19. Nxd5 Qc2 20. Qxc2 Rxc2 21. Ne3 Rxe2 22. Kf1 Rb2 23. Rdb1 Rd2 24. Rc1 f5 25. Ke1 Rfd8 {And now ...f4 would win.} 26. Rc7+ R8d7 {[#]} (26... R2d7 $11 27. Rc6 Re7) 27. Rxa7 $3 $14 {[%mdl 512]} f4 (27... Rb2 $1 $14 28. Rxd7+ Bxd7) (27... Rxa7 28. Kxd2) 28. Nf1 {[#]} ({White should play} 28. Rxd7+ $16 Rxd7 29. Nd1) 28... Rd1+ $1 {[%mdl 512]} 29. Rxd1 Rxa7 30. Ra1 Rxa2 31. Rxa2 Bxa2 {[%mdl 4096] Endgame KB-KN} 32. b5 Kf6 33. Kd2 Ke6 34. Kc3 Kd5 35. Nd2 {Kb2 is the strong threat.} Kc5 {The position is equal.} 36. gxf4 exf4 37. Kd3 Bd5 38. Ne4+ Kxb5 39. Nf6 Kc5 40. Nxh7 Kd6 41. Kd4 Bc6 42. Nf8 g5 43. Nh7 g4 44. Ng5 Bg2 45. h4 gxh3 {[#]} 46. Nxh3 $1 {[%mdl 512]} Bxh3 47. Ke4 Ke6 48. Kxf4 Kd5 {Precision: White = 56%, Black = 71%.} 1/2-1/2

[Event "POR-chT 1st Divison 2018"]
[Site "Maia"]
[Date "2018.07.20"]
[Round "7"]
[White "Santos Latasa, Jaime"]
[Black "Neves, Pedro"]
[Result "1-0"]
[WhiteElo "2576"]
[BlackElo "2236"]
[Annotator "ChessBase"]
[PlyCount "75"]
[EventDate "2018.07.16"]
[EventType "team-tourn"]
[EventCountry "POR"]
[SourceTitle "playchess.com"]
[Source "ChessBase"]
[SourceQuality "1"]
[TimeControl "5400+30"]

1. e4 {[%emt 0:00:38]} e5 {[%emt 0:01:19]} 2. Nf3 {[%emt 0:00:06]} Nc6 {[%emt 0:00:07]} 3. Bb5 {[%emt 0:00:03]} a6 {[%emt 0:00:08]} 4. Ba4 {[%emt 0:00:03]} Nge7 {[%emt 0:00:18]} 5. Nc3 {[%emt 0:01:37]} g6 {[%emt 0:05:11]} 6. d4 {[%emt 0:00:41]} exd4 {[%emt 0:00:48]} 7. Nd5 {[%emt 0:00:29]} Nxd5 {[%emt 0:03:47]} 8. exd5 {[%emt 0:00:20]} Qe7+ {[%emt 0:00:08]} 9. Kf1 {[%emt 0:00:33]} Ne5 {[%emt 0:17:57]} 10. Qxd4 {[%emt 0:08:42]} f6 {[%emt 0:05:59]} 11. Bf4 {[%emt 0:01:03]} Bg7 {[%emt 0:08:51]} 12. Re1 {[%emt 0:00:15]} O-O {[%emt 0:03:30]} 13. Nxe5 {[%emt 0:02:00]} fxe5 {[%emt 0:00:40]} 14. Bxe5 {[%emt 0:00:06]} d6 {[%emt 0:12:48]} 15. Bxg7 {[%emt 0:00:42]} Qxg7 {[%emt 0:00:04]} 16. Qxg7+ {[%emt 0:00:43]} Kxg7 {[%emt 0:00:34]} 17. f3 {[%emt 0:00:11]} b5 {[%emt 0:12:46]} 18. Bb3 {[%emt 0:00:30]} Bb7 {[%emt 0:00:17]} 19. Kf2 {[%emt 0:00:13]} Rae8 {[%emt 0:00:57]} 20. Rxe8 {[%emt 0:00:52]} Rxe8 {[%emt 0:00:06]} 21. Rd1 {[%emt 0:00:07]} Kf6 {[%emt 0:01:10]} 22. a4 {[%emt 0:01:53]} bxa4 {[%emt 0:08:16]} 23. Bxa4 {[%emt 0:00:21]} Re5 {[%emt 0:00:23]} 24. c4 {[%emt 0:00:23]} Bc8 {[%emt 0:01:14]} 25. Rd3 {[%emt 0:00:26]} g5 {[%emt 0:00:48]} 26. Bd1 {[%emt 0:00:58]} h6 {[%emt 0:04:24]} 27. Rb3 {[%emt 0:00:21]} Ke7 {[%emt 0:03:06]} 28. Rb8 {[%emt 0:00:38]} Bf5 {[%emt 0:00:50]} 29. Ra8 {[%emt 0:00:32]} c6 {[%emt 0:01:17]} 30. Ra7+ {[%emt 0:00:15]} Kd8 {[%emt 0:02:00]} 31. Rxa6 {[%emt 0:00:13]} cxd5 {[%emt 0:00:17]} 32. Rxd6+ {[%emt 0:00:11]} Kc7 {[%emt 0:00:12]} 33. Rxd5 {[%emt 0:00:05]} Rxd5 {[%emt 0:00:08]} 34. cxd5 {[%emt 0:00:04]} Kd6 {[%emt 0:00:06]} 35. Bb3 {[%emt 0:00:11]} Kc5 {[%emt 0:00:28]} 36. Ke3 {[%emt 0:00:17]} Bb1 {[%emt 0:00:19]} 37. Kd2 {[%emt 0:00:34]} Bf5 {[%emt 0:00:38]} 38. Kc3 {[%emt 0:00:07] Kxd5} 1-0

[Event "POR-chT 1st Divison 2018"]
[Site "Maia"]
[Date "2018.07.20"]
[Round "7"]
[White "Asis Gargatagli, Hipolito"]
[Black "Cuenca Jimenez, Jose Fernando"]
[Result "0-1"]
[WhiteElo "2538"]
[BlackElo "2513"]
[Annotator "ChessBase"]
[PlyCount "64"]
[EventDate "2018.07.16"]
[EventType "team-tourn"]
[EventCountry "POR"]
[SourceTitle "playchess.com"]
[Source "ChessBase"]
[SourceQuality "1"]
[TimeControl "5400+30"]

1. e4 {[%emt 0:00:00]} e5 {[%emt 0:00:00]} 2. Nf3 {[%emt 0:00:00]} Nc6 {[%emt 0:00:10]} 3. Bb5 {[%emt 0:00:41]} a6 {[%emt 0:01:17]} 4. Ba4 {[%emt 0:00:05]} Nf6 {[%emt 0:00:49]} 5. d3 {[%emt 0:00:14]} d6 {[%emt 0:02:25]} 6. c3 {[%emt 0:00:36]} g6 {[%emt 0:00:28]} 7. O-O {[%emt 0:07:18]} Bg7 {[%emt 0:00:18]} 8. Re1 {[%emt 0:01:55]} O-O {[%emt 0:01:20]} 9. Nbd2 {[%emt 0:03:37]} b5 {[%emt 0:00:44]} 10. Bc2 {[%emt 0:01:20]} Bb7 {[%emt 0:09:13]} 11. a4 {[%emt 0:08:16]} b4 {[%emt 0:07:54]} 12. a5 {[%emt 0:06:58]} Rb8 {[%emt 0:20:22]} 13. Nf1 {[%emt 0:15:50]} d5 {[%emt 0:05:14]} 14. Bg5 {[%emt 0:03:25]} h6 {[%emt 0:07:26]} 15. Bh4 {[%emt 0:06:40]} dxe4 {[%emt 0:09:03]} 16. dxe4 {[%emt 0:00:52]} Qxd1 {[%emt 0:01:40]} 17. Rexd1 {[%emt 0:00:17]} Rfd8 {[%emt 0:11:19]} 18. Rxd8+ {[%emt 0:11:03]} Nxd8 {[%emt 0:01:55]} 19. N1d2 {[%emt 0:02:29]} Nc6 {[%emt 0:02:34]} 20. Nc4 {[%emt 0:01:58]} Nd7 {[%emt 0:07:52]} 21. Rd1 {[%emt 0:13:08]} Nc5 {[%emt 0:00:05]} 22. Rd5 {[%emt 0:00:14]} b3 {[%emt 0:01:24]} 23. Bb1 {[%emt 0:00:19]} Bf8 {[%emt 0:01:34]} 24. Bf6 {[%emt 0:05:29]} Ba8 25. h4 {[%emt 0:03:21]} Rb5 {[%emt 0:03:54]} 26. Nfxe5 {[%emt 0:00:15]} Nxe5 {[%emt 0:02:01]} 27. Rxe5 {[%emt 0:00:16]} Bc6 {[%emt 0:00:35]} 28. f4 {[%emt 0:05:22]} Nd7 {[%emt 0:00:19]} 29. Bd8 {[%emt 0:00:31]} Nxe5 {[%emt 0:00:23]} 30. Nxe5 {[%emt 0:00:02]} Rxa5 {[%emt 0:00:26]} 31. Bd3 {[%emt 0:00:02]} Bb5 {[%emt 0:01:12]} 32. c4 {[%emt 0:00:03]} Be8 {[%emt 0:00:12]} 0-1